[Event "Sportsko leto 2017"]
[Site "Paracin"]
[Date "2017.07.11"]
[Round "6.1"]
[White "Zanan, Evgeny"]
[Black "Atalik, Suat"]
[Result "1/2-1/2"]
[WhiteElo "2428"]
[BlackElo "2525"]
[PlyCount "36"]
[EventDate "2017.??.??"]

1. d4 d5 2. Nf3 Nf6 3. Bf4 c5 4. e3 Nc6 5. Nbd2 e6 6. c3 Be7 7. h3 Bd6 8. Bxd6
Qxd6 9. Bb5 Bd7 10. Qa4 cxd4 11. cxd4 O-O 12. O-O a6 13. Bxc6 Bxc6 14. Qb3 Nd7
15. Rfc1 a5 16. Qc3 Rfc8 17. Ne5 f6 18. Nxc6 Rxc6 1/2-1/2

[Event "Sportsko leto 2017"]
[Site "Paracin"]
[Date "2017.07.11"]
[Round "6.2"]
[White "Lajthajm, Borko"]
[Black "Ali Marandi, Cemil Can"]
[Result "1/2-1/2"]
[WhiteElo "2434"]
[BlackElo "2515"]
[PlyCount "95"]
[EventDate "2017.??.??"]

1. Nf3 f5 2. c4 Nf6 3. Nc3 g6 4. g3 Bg7 5. Bg2 O-O 6. d3 d6 7. h3 e5 8. Be3 h6
9. Qb3 Nc6 10. Nd5 Kh7 11. Nxf6+ Qxf6 12. Rd1 f4 13. gxf4 exf4 14. Bc1 b6 15.
Ng5+ Qxg5 16. Bxc6 Rb8 17. h4 Qa5+ 18. Kf1 f3 19. exf3 Qh5 20. Kg2 Bd7 21. Be4
Rbe8 22. Rdg1 Bd4 23. Qd1 Bf5 24. b3 Re7 25. Be3 Bg7 26. Bxf5 Qxf5 27. f4 d5
28. Rh3 h5 29. Bc1 Rfe8 30. Re3 d4 31. Rxe7 Rxe7 32. Qf3 Bf6 33. Kg3 Re6 34.
Bd2 Be7 35. a4 a5 36. Rh1 Qf6 37. f5 Qxf5 38. Qxf5 gxf5 39. Kf3 c5 40. Bf4 Bd8
41. Rg1 Kh8 42. Bb8 Kh7 43. Bf4 Kh8 44. Bc1 Kh7 45. Bd2 Kh8 46. Bg5 Bc7 47. Bc1
Bd8 48. Kf4 1/2-1/2

[Event "Sportsko leto 2017"]
[Site "Paracin"]
[Date "2017.07.11"]
[Round "6.3"]
[White "Petrov, Martin"]
[Black "Damljanovic, Branko"]
[Result "1-0"]
[WhiteElo "2417"]
[BlackElo "2544"]
[PlyCount "75"]
[EventDate "2017.??.??"]

1. e4 c5 2. Nf3 d6 3. d4 cxd4 4. Nxd4 Nf6 5. Nc3 a6 6. Be3 e6 7. Be2 Qc7 8. O-O
b5 9. a4 b4 10. Na2 Bb7 11. c3 b3 12. Qxb3 Nxe4 13. Bf3 Be7 14. Qc2 Nf6 15.
Bxb7 Qxb7 16. c4 O-O 17. b4 Rc8 18. Qe2 d5 19. c5 Qd7 20. Nc1 e5 21. Ndb3 Ne4
22. Nd3 Qe6 23. Rfe1 Nd7 24. f3 Nef6 25. Bf2 d4 26. Nd2 Nd5 27. Nxe5 Bf6 28.
Nxd7 Qxd7 29. Ne4 Nxb4 30. Nxf6+ gxf6 31. Qd2 Nc6 32. Re4 f5 33. Qg5+ Kh8 34.
Rxd4 Qe6 35. Rd6 Qe5 36. Re1 Qc3 37. Qxf5 Rc7 38. Qd5 1-0

[Event "Sportsko leto 2017"]
[Site "Paracin"]
[Date "2017.07.11"]
[Round "6.4"]
[White "Haria, Ravi"]
[Black "Savic, Miodrag R"]
[Result "0-1"]
[WhiteElo "2417"]
[BlackElo "2492"]
[PlyCount "82"]
[EventDate "2017.??.??"]

1. Nf3 d5 2. g3 c6 3. Bg2 Nf6 4. c4 Bf5 5. O-O e6 6. cxd5 exd5 7. d3 Bc5 8. Nc3
O-O 9. Qb3 Bb6 10. Na4 Nbd7 11. Nxb6 axb6 12. Qc2 h6 13. b3 Re8 14. Bb2 c5 15.
Rfe1 Qe7 16. Nd2 Qe6 17. e4 Bh3 18. Bh1 d4 19. Nf3 Ng4 20. Bg2 Bxg2 21. Kxg2 f5
22. b4 Qf7 23. exf5 Qxf5 24. bxc5 Rf8 25. Qd1 bxc5 26. Re4 Ngf6 27. Qb3+ Nd5
28. Rf4 Qe6 29. Rxf8+ Rxf8 30. Nd2 N7f6 31. Rf1 Kh7 32. Nc4 Qf5 33. Nd6 Qg6 34.
h3 Nf4+ 35. Kh2 Nxd3 36. Nxb7 Rb8 37. Ba3 Qe4 38. Rb1 Qe2 39. Rg1 Ne5 40. Qb1+
d3 41. Bxc5 Nf3+ 0-1

[Event "Sportsko leto 2017"]
[Site "Paracin"]
[Date "2017.07.11"]
[Round "6.5"]
[White "Ivic, Velimir"]
[Black "Fernandez, Daniel Howard"]
[Result "0-1"]
[WhiteElo "2375"]
[BlackElo "2485"]
[PlyCount "58"]
[EventDate "2017.??.??"]

1. e4 c6 2. d4 d5 3. e5 a6 4. c4 Be6 5. Nd2 dxc4 6. Nxc4 c5 7. Nf3 Nc6 8. Bg5
f6 9. Bf4 g5 10. Bg3 g4 11. Nfd2 cxd4 12. Bd3 b5 13. Na3 Nxe5 14. Be4 Rc8 15.
O-O Bg7 16. Bxe5 fxe5 17. Bb7 Rb8 18. Bc6+ Kf8 19. f3 g3 20. hxg3 Nf6 21. Ne4
Qb6 22. Rc1 Rc8 23. Nxf6 exf6 24. Be4 f5 25. Rxc8+ Bxc8 26. Bd3 Bh6 27. Re1
Be3+ 28. Kf1 Qh6 29. Ke2 Qh2 0-1

[Event "Sportsko leto 2017"]
[Site "Paracin"]
[Date "2017.07.11"]
[Round "6.6"]
[White "Kadric, Denis"]
[Black "Nestorovic, Dejan"]
[Result "0-1"]
[WhiteElo "2515"]
[BlackElo "2358"]
[PlyCount "76"]
[EventDate "2017.??.??"]

1. e4 c5 2. Nf3 e6 3. d4 cxd4 4. Nxd4 a6 5. Nc3 Qc7 6. Bd3 Nf6 7. O-O d6 8. f4
Nbd7 9. Kh1 Be7 10. Qe1 O-O 11. b4 g6 12. Bd2 e5 13. Nde2 Nb6 14. f5 Kh8 15.
Ng3 Rg8 16. a4 gxf5 17. Nxf5 Be6 18. Ne3 Rg7 19. Rf3 Rag8 20. Qf1 Qd8 21. a5
Nbd7 22. g3 Ng4 23. Nf5 Bxf5 24. Rxf5 Bg5 25. Bxg5 Rxg5 26. Nd5 Qf8 27. Rxg5
Rxg5 28. h4 Rg6 29. Qf5 Ndf6 30. Nxf6 Nxf6 31. Rf1 Qh6 32. Rf3 Qd2 33. Rf1 Ng4
34. Qc8+ Kg7 35. Rxf7+ Kxf7 36. Qd7+ Kf8 37. Qd8+ Kg7 38. Qe7+ Kh8 0-1

[Event "Sportsko leto 2017"]
[Site "Paracin"]
[Date "2017.07.11"]
[Round "6.7"]
[White "Ostojic, Nikola"]
[Black "Nestorovic, Nikola"]
[Result "1-0"]
[WhiteElo "2412"]
[BlackElo "2509"]
[PlyCount "97"]
[EventDate "2017.??.??"]

1. d4 Nf6 2. c4 e6 3. g3 d5 4. Bg2 Bb4+ 5. Bd2 Be7 6. Nf3 O-O 7. O-O Nbd7 8.
Qc2 Ne4 9. Bf4 c6 10. Rd1 g5 11. Bc1 f5 12. Nc3 Bf6 13. Ne1 Qe7 14. cxd5 exd5
15. e3 Rf7 16. Nd3 h5 17. f3 Nd6 18. Nf2 g4 19. f4 Nf8 20. Nd3 h4 21. Ne5 Bxe5
22. dxe5 Ne4 23. Nxe4 fxe4 24. Rb1 Be6 25. b4 Nd7 26. Bb2 Rf5 27. Qe2 Qg7 28.
b5 c5 29. Rbc1 b6 30. Rd2 hxg3 31. hxg3 Kf8 32. Rcd1 Qg8 33. Bxe4 dxe4 34. Rxd7
Bxd7 35. Rxd7 Qxa2 36. Qxg4 Rf7 37. e6 Rxd7 38. Qf5+ Kg8 39. Qg6+ Kf8 40. Qf6+
Ke8 41. exd7+ Kxd7 42. Qc6+ Ke7 43. Qb7+ Ke6 44. Qxe4+ Kf7 45. Qh7+ Ke8 46.
Qg6+ Kd7 47. Qc6+ Ke7 48. Qe4+ Kd7 49. Bf6 1-0

[Event "Sportsko leto 2017"]
[Site "Paracin"]
[Date "2017.07.11"]
[Round "6.8"]
[White "Kovacevic, Aleksandar"]
[Black "Nestorovic, Lazar"]
[Result "1/2-1/2"]
[WhiteElo "2507"]
[BlackElo "2371"]
[PlyCount "121"]
[EventDate "2017.??.??"]

1. e4 c5 2. Nf3 e6 3. d4 cxd4 4. Nxd4 Nf6 5. Nc3 d6 6. g4 h6 7. h4 a6 8. Rg1
Nfd7 9. g5 hxg5 10. hxg5 g6 11. Be3 b5 12. a3 Bb7 13. Qd2 Nc6 14. f4 Nxd4 15.
Bxd4 e5 16. Be3 exf4 17. Bxf4 Ne5 18. Rg3 Bg7 19. O-O-O Rh4 20. Qf2 Rc8 21. Nd5
Rc5 22. Be3 Rc6 23. Bf4 Qc8 24. Kb1 Rh1 25. Nf6+ Bxf6 26. gxf6 Qe6 27. Qa7 Bc8
28. Be2 Rxd1+ 29. Bxd1 Qd7 30. Qf2 Rc5 31. Qh2 Kd8 32. Bxe5 Rxe5 33. Bg4 Qe8
34. Rh3 Bxg4 35. Rh8 Bh5 36. Rxe8+ Kxe8 37. Qd2 Kd7 38. Qa5 Rxe4 39. Qxa6 Ke6
40. Qxb5 Kxf6 41. Qd3 Ke5 42. a4 f5 43. a5 Be2 44. Qg3+ f4 45. Qg5+ Kd4 46.
Qxg6 f3 47. Qxd6+ Ke3 48. Qb6+ Rd4 49. c3 f2 50. Qxd4+ Kf3 51. Qf6+ Ke3 52.
Qd4+ Kf3 53. Qf6+ Ke3 54. a6 f1=Q+ 55. Qxf1 Bxf1 56. a7 Bg2 57. Kc2 Kf4 58. c4
Ke5 59. b4 Kd6 60. Kc3 Kc7 61. Kd4 1/2-1/2

[Event "Sportsko leto 2017"]
[Site "Paracin"]
[Date "2017.07.11"]
[Round "6.9"]
[White "Kobo, Ori"]
[Black "Chekletsov, Ilya"]
[Result "1-0"]
[WhiteElo "2494"]
[BlackElo "2350"]
[PlyCount "97"]
[EventDate "2017.??.??"]

1. e4 c5 2. Nf3 d6 3. d4 cxd4 4. Nxd4 Nf6 5. Nc3 g6 6. Be3 Bg7 7. f3 O-O 8. Qd2
Nc6 9. Bc4 Bd7 10. O-O-O Rc8 11. Be2 a6 12. g4 b5 13. Kb1 Ne5 14. h4 Re8 15.
Nd5 Nexg4 16. fxg4 Nxe4 17. Qe1 e6 18. Nb4 a5 19. Nd3 e5 20. Nb3 a4 21. Nd2 Nf6
22. Qg1 Nd5 23. Ne4 Qc7 24. Ne1 Bc6 25. h5 Nxe3 26. Qxe3 d5 27. hxg6 hxg6 28.
Ng5 Qe7 29. Nef3 d4 30. Qd2 Rcd8 31. Rh7 f6 32. Rxg7+ Kxg7 33. Nh3 Bxf3 34.
Bxf3 e4 35. Re1 Qb7 36. Bg2 e3 37. Qe2 Qb8 38. Rf1 g5 39. Ng1 b4 40. Bc6 Rh8
41. Bxa4 Rh2 42. Qf3 Qe5 43. Qb7+ Kh6 44. Nf3 e2 45. Rc1 Qf4 46. Qe7 Qxf3 47.
Qxd8 Qf1 48. Qh8+ Kg6 49. Be8# 1-0

[Event "Sportsko leto 2017"]
[Site "Paracin"]
[Date "2017.07.11"]
[Round "6.10"]
[White "Kosic, Dragan"]
[Black "Radovanovic, Mihajlo"]
[Result "1/2-1/2"]
[WhiteElo "2487"]
[BlackElo "2337"]
[PlyCount "65"]
[EventDate "2017.??.??"]

1. d4 Nf6 2. Nf3 g6 3. Bf4 Bg7 4. e3 O-O 5. Be2 d6 6. h3 c5 7. O-O b6 8. a4 a6
9. Nbd2 Nbd7 10. c3 Bb7 11. Bh2 Qc7 12. Qb3 Bc6 13. Rfd1 cxd4 14. cxd4 Qb7 15.
Rdc1 Ne4 16. Nc4 Rfc8 17. Ne1 Bd5 18. Qb4 Bh6 19. Rc2 Rc7 20. Rac1 Rac8 21. Na3
Rxc2 22. Rxc2 Nef6 23. Bd3 Be4 24. Rxc8+ Qxc8 25. Qc4 Qxc4 26. Bxc4 Bc6 27.
Bxa6 Bxa4 28. Nd3 Nd5 29. Bb5 Bxb5 30. Nxb5 f5 31. Kf1 Kf7 32. Ke2 N7f6 33. Bg1
1/2-1/2

[Event "Sportsko leto 2017"]
[Site "Paracin"]
[Date "2017.07.11"]
[Round "6.11"]
[White "Blagojevic, Dragisa"]
[Black "Cvetanovic, Uros"]
[Result "1-0"]
[WhiteElo "2483"]
[BlackElo "2266"]
[PlyCount "107"]
[EventDate "2017.??.??"]

1. d4 Nf6 2. c4 e6 3. Nf3 Bb4+ 4. Bd2 Qe7 5. Nc3 Bxc3 6. Bxc3 Ne4 7. Qc2 Nxc3
8. Qxc3 d6 9. g3 Nd7 10. Bg2 O-O 11. O-O a5 12. e4 e5 13. Rad1 Re8 14. Ne1 exd4
15. Rxd4 Nc5 16. Nc2 Qf6 17. Ne3 Ne6 18. Rd3 Qxc3 19. Rxc3 Bd7 20. f3 Bc6 21.
Kf2 Kf8 22. h4 Reb8 23. Rd1 Nc5 24. Rd2 f6 25. Nf5 Ne6 26. Ne3 Nc5 27. Nd5 Bxd5
28. cxd5 b5 29. Ke3 b4 30. Rc1 a4 31. Kd4 Ra7 32. f4 Nd7 33. Bh3 Ke7 34. Re2
Re8 35. h5 Kd8 36. Bf5 Nf8 37. Rc4 Rb7 38. a3 bxa3 39. bxa3 Ra7 40. Rh2 Ke7 41.
Rb4 Rea8 42. Rc2 h6 43. Rbc4 Kd8 44. e5 fxe5+ 45. fxe5 dxe5+ 46. Kxe5 Nd7+ 47.
Ke6 Nf6 48. g4 Rb8 49. Rc6 Rb3 50. Kf7 Rxa3 51. Kxg7 Ne8+ 52. Kf8 Ra8 53. Re2
Nd6 54. Rxd6+ 1-0

[Event "Sportsko leto 2017"]
[Site "Paracin"]
[Date "2017.07.11"]
[Round "6.12"]
[White "Cerovic, Danilo"]
[Black "Tan, Justin"]
[Result "0-1"]
[WhiteElo "2335"]
[BlackElo "2462"]
[PlyCount "85"]
[EventDate "2017.??.??"]

1. e4 e6 2. d4 d5 3. Nc3 Nf6 4. Bg5 dxe4 5. Nxe4 Be7 6. Bxf6 Bxf6 7. Nf3 Nd7 8.
Bc4 O-O 9. Qe2 Be7 10. O-O-O c6 11. h4 b5 12. Bd3 Qc7 13. Kb1 h6 14. g4 g6 15.
Qe3 Kg7 16. h5 g5 17. Nexg5 hxg5 18. Nxg5 Nf6 19. Nxe6+ fxe6 20. Qg5+ Kh8 21.
Qh6+ Kg8 22. Qg6+ Kh8 23. g5 Ne4 24. Bxe4 Bb4 25. h6 Bb7 26. Qh5 c5 27. Bxb7
Qxb7 28. Qe2 Qd5 29. g6 Rf6 30. g7+ Kh7 31. dxc5 Qf5 32. c6 Rc8 33. c7 Ba5 34.
Rd7 Bxc7 35. Rg1 Kg8 36. Rh1 Qh7 37. Qd1 Bb6 38. Qd3 Rxh6 39. Rxh6 Qxh6 40. a3
Qh7 41. Qd2 Qg6 42. Qd1 Bxf2 43. Rd2 0-1

[Event "Sportsko leto 2017"]
[Site "Paracin"]
[Date "2017.07.11"]
[Round "6.13"]
[White "Sarenac, David"]
[Black "Cabarkapa, Novak"]
[Result "1/2-1/2"]
[WhiteElo "2329"]
[BlackElo "2426"]
[PlyCount "44"]
[EventDate "2017.??.??"]

1. e4 e6 2. d4 d5 3. Nc3 Nf6 4. e5 Nfd7 5. Nce2 c5 6. c3 b5 7. a3 Nc6 8. Nf3
Qb6 9. Be3 Be7 10. dxc5 Bxc5 11. Ned4 Ndxe5 12. Nxe5 Nxe5 13. b4 Bf8 14. Bxb5+
Bd7 15. Bxd7+ Nxd7 16. Qa4 Qb7 17. O-O a6 18. c4 dxc4 19. Rad1 g6 20. Rfe1 Bg7
21. b5 O-O 22. Qxc4 Ne5 1/2-1/2

[Event "Sportsko leto 2017"]
[Site "Paracin"]
[Date "2017.07.11"]
[Round "6.14"]
[White "Harvey, Marcus R"]
[Black "Brankovic, Dejan"]
[Result "1/2-1/2"]
[WhiteElo "2292"]
[BlackElo "2377"]
[PlyCount "129"]
[EventDate "2017.??.??"]

1. Nf3 Nf6 2. b3 g6 3. Bb2 Bg7 4. e3 d6 5. Be2 O-O 6. O-O e5 7. d4 Nbd7 8. c4
e4 9. Nfd2 c6 10. Nc3 Re8 11. b4 h5 12. b5 c5 13. Qc2 Qe7 14. dxc5 Nxc5 15. Nb3
Bg4 16. Nxc5 Bxe2 17. Qxe2 dxc5 18. Rfd1 Rad8 19. h3 Qe6 20. a4 Qf5 21. a5 Rd3
22. Rxd3 exd3 23. Qf3 Ne4 24. Qxf5 gxf5 25. Nd1 Bxb2 26. Nxb2 d2 27. f3 Ng3 28.
Kf2 f4 29. Nd1 h4 30. a6 bxa6 31. bxa6 f5 32. Ra3 Kf7 33. e4 fxe4 34. fxe4 Rxe4
35. Kf3 Re1 36. Nf2 d1=Q+ 37. Nxd1 Rxd1 38. Rb3 Ke6 39. Rb7 Rd7 40. Kxf4 Ne2+
41. Kg5 Nd4 42. Rb2 Rh7 43. Kg6 Rh8 44. Kg7 Rh5 45. Kg6 Re5 46. Rb6+ Kd7 47.
Rb7+ Kc6 48. Rxa7 Re2 49. Ra8 Rxg2+ 50. Kh5 Ra2 51. Kxh4 Kb6 52. Kg5 Rg2+ 53.
Kf4 Rh2 54. a7 Nc6 55. Rb8+ Kxa7 56. Rb5 Rf2+ 57. Kg4 Ne5+ 58. Kg3 Rf3+ 59. Kg2
Rc3 60. Rxc5 Nxc4 61. Kh2 Kb6 62. Rc8 Kb5 63. h4 Rd3 64. h5 Rd5 65. Rh8 1/2-1/2

[Event "Sportsko leto 2017"]
[Site "Paracin"]
[Date "2017.07.11"]
[Round "6.15"]
[White "Sanal, Vahap"]
[Black "Marjanovic, Annamaria"]
[Result "1-0"]
[WhiteElo "2533"]
[BlackElo "2331"]
[PlyCount "135"]
[EventDate "2017.??.??"]

1. e4 c6 2. d4 d5 3. exd5 cxd5 4. c4 Nf6 5. Nc3 Nc6 6. Bg5 e6 7. Nf3 Be7 8. Bd3
dxc4 9. Bxc4 O-O 10. O-O b6 11. Re1 Bb7 12. a3 Rc8 13. Ba2 Nd5 14. Bd2 Nxc3 15.
Bxc3 Bf6 16. Ne5 Ne7 17. Qa4 Bc6 18. Nxc6 Nxc6 19. Rad1 Qc7 20. g3 Ne7 21. Bb4
Rfd8 22. Bxe7 Bxe7 23. d5 exd5 24. Bxd5 Bf6 25. Re2 g6 26. Red2 Qe7 27. h4 Kh8
28. Kg2 Rc7 29. Qf4 Rcd7 30. Qf3 Bg7 31. h5 Qf6 32. Qg4 Bh6 33. f4 Bg7 34. b4
h6 35. Rd3 Rd6 36. R1d2 Qe7 37. Qf3 Bf6 38. b5 Kg7 39. a4 R8d7 40. Kh2 Rd8 41.
Rd1 Qc7 42. R1d2 Qe7 43. Qg2 Qc7 44. Qe2 Qe7 45. Qf3 Qc7 46. hxg6 fxg6 47. Qg4
Qd7 48. Qd1 Qe7 49. Qb3 R8d7 50. Qc2 Rd8 51. Qd1 R8d7 52. Qg4 h5 53. Qf3 Qf8
54. Qe2 Qd8 55. Qg2 Qe7 56. g4 hxg4 57. Qxg4 Rd8 58. Be4 Rxd3 59. Qxg6+ Kf8 60.
Bxd3 Qg7 61. Qf5 Qh6+ 62. Kg2 Kg7 63. Kf3 Kh8 64. Rg2 Rg8 65. Rxg8+ Kxg8 66.
Bc4+ Kg7 67. Qd7+ Kf8 68. Qf5 1-0

[Event "International Tournament "]
[Site "Paracin, Hotel "]
[Date "2017.07.11"]
[Round "6.16"]
[White "Zajic, Milan"]
[Black "Burovic, Rijad"]
[Result "1-0"]
[WhiteElo "2513"]
[BlackElo "2316"]
[PlyCount "251"]
[EventDate "2017.07.07"]

1. e4 c6 2. d4 d5 3. exd5 cxd5 4. Bd3 Nc6 5. c3 g6 6. Nf3 Nh6 7. O-O Bf5 8. c4
Bxd3 9. Qxd3 Nf5 10. cxd5 Qxd5 11. Nc3 Qd7 12. d5 Bg7 13. Bg5 h6 14. Bf4 Ncd4
15. Ne5 Qd6 16. Rfe1 g5 17. Bg3 O-O 18. Rad1 Nxg3 19. Qxd4 Nf5 20. Qe4 Nh4 21.
Nf3 Nxf3+ 22. Qxf3 Rfd8 23. Ne4 Qb6 24. b3 Rd7 25. h4 gxh4 26. d6 Kf8 27. Qf4
Rad8 28. Qxh4 Qa5 29. Re3 e6 30. Red3 Qe5 31. b4 b6 32. Re3 Rc8 33. Nc5 bxc5
34. Rxe5 Bxe5 35. bxc5 Rxc5 36. Qxh6+ Ke8 37. Rb1 Bxd6 38. Qh8+ Ke7 39. Qh4+
Ke8 40. g3 Bc7 41. Qh8+ Ke7 42. Qh4+ Ke8 43. Rb7 Bb6 44. Qh8+ Ke7 45. Qh4+ Ke8
46. Qh8+ Ke7 47. Rb8 Rd8 48. Qh4+ f6 49. Rb7+ Rc7 50. Qh7+ Kd6 51. Rxc7 Bxc7
52. Qd3+ Ke7 53. Qh7+ Kd6 54. Qd3+ Ke7 55. Qa3+ Rd6 56. Qxa7 Kd7 57. Qa4+ Ke7
58. Qb4 Kd7 59. Qb5+ Ke7 60. Qc5 Kd7 61. g4 Rd5 62. Qf8 Bd8 63. Qb4 Ba5 64. Qf4
Bd8 65. Kf1 Ra5 66. a4 Re5 67. Qc4 Rd5 68. Qc3 Re5 69. Qd3+ Rd5 70. Qh7+ Ke8
71. Ke2 Ra5 72. Qg6+ Ke7 73. Qc2 Rd5 74. f4 Kd7 75. Qb2 Ke8 76. Qb7 Kf8 77. Kf3
Rd3+ 78. Ke4 Rd5 79. Qh7 Ke8 80. Kf3 Ra5 81. Qg7 Rd5 82. Qg8+ Kd7 83. Qf7+ Be7
84. f5 Re5 85. a5 Rxa5 86. Qxe6+ Ke8 87. g5 Re5 88. Qc8+ Kf7 89. g6+ Kg7 90.
Qe8 Rxf5+ 91. Ke4 Re5+ 92. Kd3 Bf8 93. Qf7+ Kh6 94. Qh7+ Kg5 95. g7 Bxg7 96.
Qxg7+ Kf5 97. Kd4 Ke6 98. Qc7 Kf5 99. Qf7 Kg5 100. Qg7+ Kf5 101. Qg8 Kf4 102.
Qg6 Rf5 103. Qg7 Kf3 104. Qg1 Kf4 105. Qg6 Rg5 106. Qxf6+ Kg4 107. Ke4 Kh5 108.
Qh8+ Kg6 109. Qg8+ Kf6 110. Qd8+ Kg6 111. Qe7 Rg4+ 112. Kf3 Rg5 113. Qe6+ Kg7
114. Kf4 Rh5 115. Kg4 Rh6 116. Qe7+ Kg6 117. Qg5+ Kh7 118. Kf5 Rh3 119. Qe7+
Kg8 120. Qd8+ Kf7 121. Qc7+ Ke8 122. Qa7 Rh5+ 123. Kg6 Rh3 124. Kg7 Rg3+ 125.
Kf6 Rf3+ 126. Ke6 1-0

[Event "International Tournament "]
[Site "Paracin, Hotel "]
[Date "2017.07.11"]
[Round "6.17"]
[White "Costachi, Mihnea"]
[Black "Franklin, Samuel G A"]
[Result "1/2-1/2"]
[WhiteElo "2427"]
[BlackElo "2312"]
[Annotator "Natasa"]
[PlyCount "76"]
[EventDate "2017.07.07"]

1. d4 Nf6 2. c4 g6 3. Nc3 Bg7 4. e4 d6 5. h3 O-O 6. Nf3 e5 7. d5 a5 8. g4 Na6
9. Be3 Nd7 10. Rg1 Ndc5 11. h4 Bd7 12. h5 c6 13. Nd2 Bf6 14. g5 Be7 15. a3 a4
16. Qf3 Qe8 17. Qg3 Nc7 18. Bxc5 dxc5 19. Qxe5 Bd8 20. Qxe8 Rxe8 21. hxg6 fxg6
22. O-O-O cxd5 23. cxd5 b5 24. d6 Ne6 25. Bh3 Ra7 26. e5 Nxg5 27. Bxd7 Rxd7 28.
f4 Ne6 29. Rdf1 Rf7 30. f5 Nd4 31. e6 Rxf5 32. e7 Rxf1+ 33. Rxf1 Bxe7 34. dxe7
Rxe7 35. Nde4 b4 36. Nd5 Re5 37. axb4 cxb4 38. Ndf6+ Kg7 {unreadable} 1/2-1/2

[Event "International Tournament "]
[Site "Paracin, Hotel "]
[Date "2017.07.11"]
[Round "6.18"]
[White "Mesaros, Florian"]
[Black "Radovic, Janko"]
[Result "1/2-1/2"]
[WhiteElo "2415"]
[BlackElo "2306"]
[PlyCount "36"]
[EventDate "2017.07.07"]

1. Nf3 c5 2. c4 Nc6 3. Nc3 g6 4. g3 Bg7 5. Bg2 e6 6. d3 Nge7 7. Bg5 h6 8. Bd2
O-O 9. a3 d6 10. O-O b6 11. Rb1 Bb7 12. b4 Qd7 13. Ne1 f5 14. Nc2 Rad8 15. e4
Nd4 16. Nxd4 cxd4 17. Ne2 d5 18. f4 Rc8 1/2-1/2

[Event "International Tournament "]
[Site "Paracin, Hotel "]
[Date "2017.07.11"]
[Round "6.19"]
[White "Mcphillips, Joseph"]
[Black "Rajkovic, Mladen"]
[Result "1-0"]
[WhiteElo "2400"]
[BlackElo "2305"]
[PlyCount "111"]
[EventDate "2017.07.07"]

1. e4 e5 2. Nf3 Nc6 3. Bb5 a6 4. Ba4 Nf6 5. O-O b5 6. Bb3 Be7 7. Re1 d6 8. c3
O-O 9. d3 Na5 10. Bc2 c5 11. Nbd2 Re8 12. Nf1 Bf8 13. h3 g6 14. Bg5 h6 15. Bd2
Nc6 16. Ne3 Be6 17. Bb3 Qd7 18. Nh2 Bg7 19. Qf3 Kh7 20. g4 Ne7 21. Nd5 Bxd5 22.
exd5 Neg8 23. Nf1 Rf8 24. Ng3 Ne8 25. Kh2 Ne7 26. Qg2 f5 27. Bd1 f4 28. Nf1 Nf6
29. Bf3 g5 30. d4 exd4 31. cxd4 c4 32. Re6 a5 33. Rae1 Rf7 34. Be4+ Kg8 35. Bb1
b4 36. Bc1 Rc8 37. Qf3 c3 38. bxc3 Rxc3 39. Qe2 Nexd5 40. Bb2 Rc7 41. Nd2 Nc3
42. Bxc3 bxc3 43. Nf3 Kf8 44. Bc2 Kg8 45. Qa6 Qc6 46. Qd3 Qd7 47. Qg6 Qd8 48.
d5 Rce7 49. Nd4 Rxe6 50. dxe6 Re7 51. Nf5 Qe8 52. Nxe7+ Qxe7 53. Kg1 Nd5 54. a3
Qf6 55. Qe4 Ne7 56. Rb1 1-0

[Event "International Tournament "]
[Site "Paracin, Hotel "]
[Date "2017.07.11"]
[Round "6.21"]
[White "Djordjevic, Vuk"]
[Black "Emiroglu, Cankut"]
[Result "1/2-1/2"]
[WhiteElo "2377"]
[BlackElo "2277"]
[PlyCount "30"]
[EventDate "2017.07.07"]

1. d4 e6 2. Nf3 Nf6 3. Bg5 d5 4. c4 Be7 5. Nc3 O-O 6. e3 b6 7. cxd5 exd5 8. Be2
Bb7 9. Bxf6 Bxf6 10. Qb3 c6 11. O-O Nd7 12. Rac1 Re8 13. Rfe1 Nf8 14. Qc2 Ne6
15. Red1 Qe7 1/2-1/2

[Event "International Tournament "]
[Site "Paracin, Hotel "]
[Date "2017.07.11"]
[Round "6.22"]
[White "Atakisi, Umut"]
[Black "Jocev, Milan"]
[Result "1/2-1/2"]
[WhiteElo "2373"]
[BlackElo "2185"]
[PlyCount "143"]
[EventDate "2017.07.07"]

1. Nf3 Nf6 2. g3 g6 3. Bg2 Bg7 4. O-O O-O 5. c4 d6 6. d4 Nc6 7. Nc3 a6 8. b3
Bd7 9. Bb2 Rb8 10. Rc1 e5 11. dxe5 dxe5 12. Nd5 Re8 13. Ne1 Be6 14. Nc2 Ne7 15.
Bxe5 Nfxd5 16. Bxg7 Kxg7 17. cxd5 Nxd5 18. Nd4 c6 19. Nxe6+ fxe6 20. e4 Nf6 21.
Qe2 Qe7 22. e5 Nd5 23. h4 Rbd8 24. Be4 Qc7 25. Bb1 Qf7 26. Rc4 Rf8 27. Kg2 Kh8
28. Rh1 Rd7 29. a3 Ne7 30. Rf4 Qg7 31. Rxf8+ Qxf8 32. h5 g5 33. h6 Nf5 34. Bxf5
Qxf5 35. Rd1 Rd5 36. Rc1 Kg8 37. Qh5 Kf8 38. Rc3 g4 39. Qh4 Kf7 40. b4 Rd2 41.
Qf6+ Qxf6 42. exf6 Rd7 43. Kf1 Kxf6 44. Ke2 Rd5 45. Rd3 Kf5 46. f3 e5 47. Re3
gxf3+ 48. Rxf3+ Kg6 49. Rf8 Rd7 50. Re8 Kxh6 51. Rxe5 Kg6 52. Ke3 Kf6 53. Rh5
Kg6 54. Rc5 h6 55. g4 Kf6 56. Rf5+ Kg6 57. Re5 Rd1 58. Kf4 Rf1+ 59. Kg3 Kf6 60.
Rh5 Kg6 61. Re5 Ra1 62. Re3 Kf6 63. Kf4 Rf1+ 64. Kg3 Rc1 65. Kh4 c5 66. bxc5
Rxc5 67. Re8 Rc3 68. Rh8 Kg7 69. Rd8 Rb3 70. Rd7+ Kg6 71. Rd6+ Kg7 72. Rd7+
1/2-1/2

[Event "International Tournament "]
[Site "Paracin, Hotel "]
[Date "2017.07.11"]
[Round "6.23"]
[White "Pantelic, Sasa"]
[Black "Ersahin, Bulent"]
[Result "0-1"]
[WhiteElo "2358"]
[BlackElo "2145"]
[PlyCount "50"]
[EventDate "2017.07.07"]

1. d4 Nf6 2. c4 c5 3. d5 e6 4. Nc3 exd5 5. cxd5 d6 6. Nf3 g6 7. Bf4 a6 8. e4
Bg7 9. Qa4+ Bd7 10. Qb3 b5 11. Bxd6 b4 12. Nd1 Nxe4 13. Qe3 Bf5 14. Bxb8 Qxb8
15. g4 O-O 16. gxf5 Re8 17. Be2 Nc3 18. Qxe8+ Qxe8 19. bxc3 Qe4 20. Rc1 Bh6 21.
Ne3 Bxe3 22. fxe3 Qxe3 23. Rc2 bxc3 24. Kf1 Rb8 25. Ne1 Rb2 0-1

[Event "International Tournament "]
[Site "Paracin, Hotel "]
[Date "2017.07.11"]
[Round "6.24"]
[White "Dimic, Pavle"]
[Black "Ozenir, Ekin Baris"]
[Result "1/2-1/2"]
[WhiteElo "2351"]
[BlackElo "2098"]
[Annotator "Natasa"]
[PlyCount "79"]
[EventDate "2017.07.07"]

1. d4 Nf6 2. Nf3 e6 3. c4 b6 4. a3 Bb7 5. Nc3 d5 6. Bf4 Be7 7. e3 O-O 8. Qc2 c5
9. dxc5 bxc5 10. Be2 Nbd7 11. Rd1 Qa5 12. O-O Rac8 13. cxd5 exd5 14. Rd2 Rfd8
15. Rfd1 Nf8 16. Qb3 Ba8 17. Qb5 Qxb5 18. Nxb5 Ne6 19. Be5 Ne4 20. Nxa7 Nxd2
21. Rxd2 Rb8 22. Bxb8 Rxb8 23. Nb5 Bf6 24. b3 Bc6 25. a4 Bxb5 26. Bxb5 Nc7 27.
g3 Kf8 28. Bc6 Rxb3 29. Bxd5 Nxd5 30. Rxd5 c4 31. Rc5 c3 32. Nd4 Bxd4 33. exd4
Ra3 34. d5 Ke7 35. Kf1 c2 36. Rxc2 Rxa4 37. Ke2 Ra3 38. Rd2 Kd6 39. h4 Ra4 40.
Ke3 {unreadable} 1/2-1/2

[Event "International Tournament "]
[Site "Paracin, Hotel "]
[Date "2017.07.11"]
[Round "6.25"]
[White "Stathopoulos, Ioannis"]
[Black "Paradzik, Berislav"]
[Result "0-1"]
[WhiteElo "2343"]
[BlackElo "2066"]
[PlyCount "84"]
[EventDate "2017.07.07"]

1. d4 Nf6 2. c4 e6 3. Nf3 Bb4+ 4. Bd2 c5 5. Bxb4 cxb4 6. g3 b6 7. Bg2 Bb7 8. a3
bxa3 9. Nxa3 a5 10. O-O O-O 11. d5 Na6 12. Nd4 e5 13. Nf5 d6 14. Nb5 Ne8 15. f4
g6 16. Ne3 f6 17. Qd2 Nc5 18. Ra3 Nc7 19. fxe5 Nxb5 20. cxb5 dxe5 21. d6 Ne4
22. Qc2 Rc8 23. Qa4 Nxd6 24. Rd3 e4 25. Rd2 Qe7 26. Qd4 Nxb5 27. Qxb6 Qc5 28.
Qxc5 Rxc5 29. Ra1 Nc7 30. Rd7 Rf7 31. Ng4 Kg7 32. Rd4 f5 33. Ne3 Rb5 34. Ra2
Bd5 35. Nxd5 Nxd5 36. Kf2 Nb4 37. Ra4 Rc7 38. Bf1 Kf6 39. Rd8 Rc2 40. Ra8 Nc6
41. Ra6 Ke5 42. Ra2 Kd5 0-1

[Event "International Tournament "]
[Site "Paracin, Hotel "]
[Date "2017.07.11"]
[Round "6.26"]
[White "Matovic, Mihajlo Z"]
[Black "Ardeleanu, Alin"]
[Result "1/2-1/2"]
[WhiteElo "2266"]
[BlackElo "2339"]
[PlyCount "61"]
[EventDate "2017.07.07"]

1. d4 b5 2. Bg5 Bb7 3. e3 h6 4. Bh4 g6 5. Nf3 a6 6. Bd3 Bg7 7. Nbd2 c5 8. c3 d6
9. O-O Nd7 10. Qe2 Ngf6 11. a4 c4 12. Bc2 O-O 13. axb5 axb5 14. b3 cxb3 15.
Bxb3 Qb6 16. Rab1 Qa5 17. Qd3 e6 18. Bc2 Rfc8 19. Bxf6 Nxf6 20. c4 bxc4 21.
Nxc4 Qc7 22. Nb6 Be4 23. Nxa8 Rxa8 24. Qxe4 Nxe4 25. Bxe4 d5 26. Rfc1 Qd6 27.
Bd3 Rb8 28. g3 Rxb1 29. Rxb1 Bf6 30. h4 h5 31. Bf1 1/2-1/2